[Event "Cup Yugoslavia (team)"]
[Site "masterchessopen.com - Budva (Yugoslavia)"]
[Round "4"]
[White "Djukanovic Sreten (MNE)"]
[Black "Petkovic Radosav (SRB)"]
[Result "1-0"]
[WhiteElo "2265"]
[BlackElo "2305"]

1.d4 f5 2.c4 Nf6 3.g3 d6 4.d5 c6 5.Bg2 e5 6.dxe6 Bxe6 7.b3 Ne4 8.Nf3 d5 9.O-O
dxc4 10.Qxd8+ Kxd8 11.Nd4 Bd7 12.bxc4 Be7 13.Bb2 Bf6 14.Rd1 Re8 15.Nc3 Nxc3
16.Bxc3 Kc7 17.Rac1 Na6 18.Nb5+ cxb5 19.Bxf6 bxc4 20.Rxc4+ Bc6 21.Bxg7 Rxe2
22.Rdc1 Rae8 23.Rxc6+ bxc6 24.Rxc6+ Kb8 25.Rxa6 Re1+ 26.Bf1 f4 27.Ra3 {#r} 1-0

[Event "It (open)"]
[Site "masterchessopen.com - Cullera (Spain)"]
[Round "0"]
[White "Montoya Bello Felix (ESP)"]
[Black "Uris Escolano Miguel (ESP)"]
[Result "1-0"]
[WhiteElo "2116"]
[BlackElo "2182"]

1.c4 f5 2.d4 Nf6 3.g3 g6 4.Bg2 Bg7 5.Nc3 O-O 6.e3 d6 7.f4 e6 8.Nge2 c6 9.O-O
d5 10.b3 b6 11.a4 a5 12.Ba3 Rf7 13.Qc2 Bb7 14.Rfb1 Na6 15.Nd1 Bf8 16.Bxf8 Qxf8
17.Nf2 Nb4 18.Qd2 Ne4 19.Bxe4 dxe4 20.Nc3 Rd8 21.Rd1 Rfd7 22.Qe2 c5 23.Nb5 Bc6
24.dxc5 Bxb5 25.axb5 Qxc5 26.Rxd7 Rxd7 27.Rd1 Qe7 28.Rxd7 Qxd7 29.Qd1 Qxd1+
30.Nxd1 Nd3 31.Nc3 Nc5 32.Na4 Nxb3 33.c5 {#r} 1-0

[Event "It (open)"]
[Site "masterchessopen.com - Dresden (Germany)"]
[Round "1"]
[White "Uhlmann Wolfgang (GER)"]
[Black "Richter Andreas (GER)"]
[Result "1-0"]
[WhiteElo "2460"]
[BlackElo "2171"]

1.c4 f5 2.d4 Nf6 3.g3 g6 4.Bg2 Bg7 5.Nc3 O-O 6.Nh3 d6 7.d5 Na6 8.Nf4 Nc5 9.Be3
Nfe4 10.Nxe4 Nxe4 11.Bd4 c5 12.Bxg7 Kxg7 13.O-O Nf6 14.a3 g5 15.Nd3 Qc7 16.Qd2
h6 17.f4 g4 18.e4 fxe4 19.Nf2 Bf5 20.Rae1 e6 21.Nxe4 exd5 22.Nxf6 Rxf6 23.Bxd5
Rb8 24.Re3 b5 25.Rfe1 Qb6 26.Re7+ Kg6 27.Qe2 bxc4 28.Be4 h5 29.Bxf5+ Rxf5
30.Qe6+ {#r} 1-0

[Event "Ch Greece (team)"]
[Site "masterchessopen.com - Greece"]
[Round "3"]
[White "Argiroudis Stamatis (GRE)"]
[Black "Malakoudis Dimitrios (GRE)"]
[Result "1-0"]
[WhiteElo "2292"]
[BlackElo "2052"]

1.d4 f5 2.c4 Nf6 3.g3 d6 4.Bg2 g6 5.Nc3 Bg7 6.d5 O-O 7.Nh3 Nbd7 8.O-O Ne5
9.Qb3 c5 10.Nf4 Rb8 11.a4 b6 12.h4 Bd7 13.Bd2 Qe8 14.Qa2 h6 15.Nb5 Rb7 16.Ne6
Bxe6 17.dxe6 Ne4 18.Rad1 g5 19.Qb1 Qg6 20.Bxe4 fxe4 21.hxg5 Qh5 22.Qxe4 Ng4
23.Qg2 a6 24.gxh6 Bf6 25.h7+ Kh8 26.Nc3 Kxh7 27.Nd5 Bd4 28.Nf4 Qh6 29.Nh3 Qh5
30.Nf4 Qh6 31.Nh3 Qh5 32.e3 Bf6 33.Qxb7 Qxh3 34.Qh1 Qxh1+ 35.Kxh1 {#r} 1-0

[Event "It (open)"]
[Site "masterchessopen.com - Orense (Spain)"]
[Round "0"]
[White "Gonzalez Gil Elias (ESP)"]
[Black "Saldano Horacio (ESP)"]
[Result "0-1"]
[WhiteElo "2179"]
[BlackElo "2325"]

1.d4 f5 2.c4 Nf6 3.g3 g6 4.Bg2 Bg7 5.Nc3 O-O 6.Nh3 d6 7.d5 c6 8.Nf4 Qe8 9.h4
Ng4 10.O-O Ne5 11.Qb3 Kh8 12.Nd3 Na6 13.Nxe5 Bxe5 14.Bh6 Nc5 15.Qc2 Rf7 16.e3
Bd7 17.b4 Na6 18.Rab1 Nc7 19.Bf3 Rc8 20.h5 Qg8 21.hxg6 hxg6 22.Bg5 Rh7 23.Kg2
Qf7 24.Ne2 {#R} 0-1

[Event "Cup Russia (open)"]
[Site "masterchessopen.com - Ekaterinburg (Russia)"]
[Round "6"]
[White "Iskusnyh Sergei (RUS)"]
[Black "Lastin Alexander (RUS)"]
[Result "1-0"]
[WhiteElo "2455"]
[BlackElo "2550"]

1.d4 f5 2.c4 Nf6 3.g3 g6 4.Bg2 Bg7 5.Nc3 O-O 6.Nh3 d6 7.d5 c5 8.Nf4 Na6 9.h4
Ng4 10.Bd2 Nc7 11.Qc2 a6 12.a4 Ne5 13.b3 b6 14.Nd3 Rb8 15.Rb1 b5 16.h5 Bd7
17.hxg6 hxg6 18.Nxe5 Bxe5 19.f4 Bg7 20.Kf2 Ne8 21.Bf3 Nf6 22.Kg2 bxc4 23.bxc4
Rb4 24.e4 Rxc4 25.e5 dxe5 26.fxe5 Ne4 27.Bxe4 fxe4 28.Qa2 Rd4 29.Bg5 Qe8 30.e6
Bc8 31.Rh4 Rf5 32.Nxe4 Rdxd5 33.Rb8 Be5 34.Rxc8 Qxc8 35.Qxd5 Bf6 36.Qd7 {#r}
1-0

[Event "Ch Germany (juniors) (under 13)"]
[Site "masterchessopen.com - Friedrichroda (Germany)"]
[Round "6"]
[White "Klinger Sebastian (GER)"]
[Black "Kapp Martin (GER)"]
[Result "1-0"]
[WhiteElo "2164"]
[BlackElo "2215"]

1.d4 f5 2.c4 Nf6 3.g3 g6 4.Bg2 Bg7 5.Nc3 Nc6 6.Nf3 e6 7.O-O O-O 8.Bg5 Ne7
9.Qc2 d6 10.Rad1 Qe8 11.Rfe1 Bd7 12.e4 Bc6 13.exf5 exf5 14.Bxf6 Bxf6 15.b4 b6
16.b5 Bb7 17.Ne2 Be4 18.Qb3 a5 19.a4 Kg7 20.Nf4 Ng8 21.d5 Rf7 22.Nd4 Bxd4
23.Ne6+ Kf6 24.Nxd4 Re7 25.f3 Bxf3 26.Nxf3 Nh6 27.Qc3+ Kf7 28.Rxe7+ Qxe7
29.Re1 Qd7 30.Qe3 Rd8 31.Qxh6 {#r} 1-0

[Event "It (open)"]
[Site "masterchessopen.com - Goch (Germany)"]
[Round "4"]
[White "Fiederling Wilfred (GER)"]
[Black "Schaefer Heiko (GER)"]
[Result "1-0"]
[WhiteElo "2121"]
[BlackElo "2083"]

1.d4 f5 2.c4 Nf6 3.g3 g6 4.Bg2 Bg7 5.Nh3 O-O 6.O-O d6 7.Nc3 c6 8.f4 Qb6 9.e3
e5 10.c5 Qd8 11.Qb3+ Kh8 12.dxe5 dxe5 13.Ng5 Qe7 14.Na4 e4 15.Bd2 h6 16.Nh3
Na6 17.Rac1 Nd5 18.a3 Be6 19.Qd1 Rfd8 20.Qe2 Rd7 21.Nf2 Qd8 22.Be1 Nf6 23.b4
Nc7 24.Nb2 a5 25.bxa5 Nfd5 26.Nc4 Na6 27.Nb6 Nxb6 28.axb6 Rd5 29.Nxe4 fxe4
30.Bxe4 Rxc5 31.Rxc5 Nxc5 32.Bxg6 Rxa3 33.Bb4 Rxe3 34.Qxe3 Qd4 35.Bxc5 {#r}
1-0

[Event "It (open)"]
[Site "masterchessopen.com - Pamplona (Spain)"]
[Round "0"]
[White "Suba Mihai (ROM)"]
[Black "De La Riva Aguado Oscar (AND)"]
[Result "1-0"]
[WhiteElo "2530"]
[BlackElo "2460"]

1.c4 f5 2.d4 Nf6 3.g3 g6 4.Bg2 Bg7 5.Nc3 O-O 6.Nh3 d6 7.d5 Nbd7 8.O-O Ne5 9.b3
c5 10.Qc2 Bd7 11.Bb2 a6 12.a4 b6 13.Ng5 Rb8 14.f4 Neg4 15.Nd1 Ne8 16.Bxg7 Nxg7
17.h3 Nf6 18.Nf2 b5 19.axb5 axb5 20.Ra7 Ra8 21.Rfa1 Rxa7 22.Rxa7 bxc4 23.bxc4
h6 24.Nf3 Qb6 25.Qa2 Rd8 26.Kh2 Nge8 27.Ne5 dxe5 28.fxe5 Nh5 29.Nd3 Nef6
30.exf6 Qd6 31.fxe7 Re8 32.Qa6 Qxg3+ 33.Kh1 Rxe7 34.Rxd7 Rxd7 35.Qc8+ {#r} 1-0

[Event "Ch Slovakia (team) 1997/98 (1 liga) East"]
[Site "masterchessopen.com - Slovakia"]
[Round "3"]
[White "Koval Daniel (SVK)"]
[Black "Vrana Frantisek (CZE)"]
[Result "0-1"]
[WhiteElo "2093"]
[BlackElo "2215"]

1.c4 f5 2.d4 Nf6 3.g3 g6 4.Bg2 Bg7 5.Nc3 O-O 6.Nh3 d6 7.Nf4 Qe8 8.Nfd5 Na6
9.Bg5 c6 10.Nxf6+ Bxf6 11.Bh6 Rf7 12.d5 e5 13.dxc6 bxc6 14.Nb5 cxb5 15.Bxa8
Be6 16.Bd5 bxc4 17.Rc1 Rc7 18.Be3 Nb4 19.Bxe6+ Qxe6 20.Qa4 f4 21.Bd2 Nd5
22.Rxc4 Nb6 23.Rxc7 Nxa4 24.b3 Nc5 25.Rxa7 Qd5 26.Rg1 Ne4 27.Bc1 Qc5 28.Ra8+
Kf7 {#R} 0-1

[Event "It (open)"]
[Site "masterchessopen.com - Svetla nad Sazavou (Czech Republic)"]
[Round "5"]
[White "Hajek Jan (CZE)"]
[Black "Reitinger Petr (CZE)"]
[Result "1-0"]
[WhiteElo "2226"]
[BlackElo "2093"]

1.d4 f5 2.c4 Nf6 3.g3 g6 4.Bg2 Bg7 5.Nc3 O-O 6.Nh3 d6 7.d5 Nbd7 8.O-O Nc5
9.Be3 Nfe4 10.Nxe4 Nxe4 11.Bd4 c5 12.Bxg7 Kxg7 13.Qd3 Rb8 14.f3 Nf6 15.Nf4 Qa5
16.a4 a6 17.Qc2 Qc7 18.e4 b5 19.axb5 axb5 20.b3 bxc4 21.bxc4 Bd7 22.exf5 Bxf5
23.Qxf5 {#r} 1-0

[Event "It (open)"]
[Site "masterchessopen.com - Vantaa (Finland)"]
[Round "2"]
[White "Veingold Aleksandr (EST)"]
[Black "Vaatainen Timo (FIN)"]
[Result "1-0"]
[WhiteElo "2450"]
[BlackElo "2245"]

1.d4 f5 2.g3 Nf6 3.c4 g6 4.Nc3 Bg7 5.Bg2 O-O 6.Nh3 Nc6 7.d5 Ne5 8.b3 d6 9.Bb2
Bd7 10.O-O c5 11.Qd2 Rb8 12.a4 b6 13.Ng5 h6 14.Ne6 Bxe6 15.dxe6 Qc8 16.Bd5 Nc6
17.e3 Nb4 18.Rae1 a6 19.e4 f4 20.gxf4 Nh5 21.f5 gxf5 22.f4 Nf6 23.e5 dxe5
24.fxe5 Ng4 25.Nd1 Nc6 26.Qg2 Nd4 27.h3 h5 28.hxg4 fxg4 29.Qh2 Rxf1+ 30.Rxf1
Qc7 31.Qxh5 Ne2+ 32.Kg2 {#r} 1-0

[Event "It (open)"]
[Site "masterchessopen.com - Villa Ballester (Argentina)"]
[Round "6"]
[White "Scarella Enrique (ARG)"]
[Black "Campagnoni Diego (ARG)"]
[Result "1-0"]
[WhiteElo "2380"]
[BlackElo "2078"]

1.d4 f5 2.c4 Nf6 3.g3 g6 4.Bg2 Bg7 5.Nc3 O-O 6.Nh3 d6 7.d5 Na6 8.Nf4 Nc5 9.O-O
Bd7 10.h4 c6 11.Be3 Nce4 12.Bd4 Nxc3 13.Bxc3 Re8 14.Qd3 Qc7 15.Rac1 e5 16.dxe6
Bxe6 17.Bxf6 Bxf6 18.Nxe6 Rxe6 19.Bd5 cxd5 20.cxd5 Qe7 21.dxe6 Qxe6 22.b3 Rf8
23.Rfd1 f4 24.Qxd6 Qxe2 25.Qxf4 Qxa2 26.Rd7 Be7 27.Rxe7 Rxf4 28.gxf4 {#r} 1-0

[Event "It (open)"]
[Site "masterchessopen.com - Washington (USA)"]
[Round "5"]
[White "Beckman Thomas J (USA)"]
[Black "Curdo John (USA)"]
[Result "0-1"]
[WhiteElo "1971"]
[BlackElo "2285"]

1.d4 f5 2.c4 Nf6 3.g3 d6 4.Nc3 g6 5.Bg2 Bg7 6.Nh3 O-O 7.Bg5 c6 8.Qd2 e5 9.d5
c5 10.e4 f4 11.gxf4 h6 12.fxe5 hxg5 13.exf6 Bxf6 14.f3 g4 15.fxg4 Bh4+ 16.Kd1
Bxg4+ 17.Kc2 Nd7 18.Raf1 Qe7 19.Qh6 Ne5 20.Rf4 Rxf4 21.Nxf4 Bg5 22.Nxg6 Qf6
23.Nxe5 Qf2+ 24.Kb3 Bxh6 25.Nxg4 Qxg2 26.Nxh6+ Kh7 27.Re1 Kxh6 28.e5 dxe5
29.Rxe5 Qxh2 30.Re7 b6 31.Nb5 a6 32.Nc7 Rg8 {#R} 0-1

[Event "It (open)"]
[Site "masterchessopen.com - Zalakaros (Hungary)"]
[Round "3"]
[White "Fogarasi Tibor (HUN)"]
[Black "Galyas Miklos (HUN)"]
[Result "1-0"]
[WhiteElo "2475"]
[BlackElo "2330"]

1.d4 f5 2.c4 Nf6 3.g3 g6 4.Bg2 Bg7 5.Nh3 Nc6 6.Nc3 O-O 7.Nf4 d6 8.d5 Ne5 9.b3
Ne4 10.Nxe4 fxe4 11.Rb1 Bf5 12.O-O Qd7 13.Be3 Ng4 14.Qc2 Nf6 15.h3 Bh6 16.Nxg6
hxg6 17.Bxh6 e3 18.Qb2 Rf7 19.g4 Bxb1 20.Qxb1 Rh7 21.Qxg6+ Kh8 22.Bxe3 Rg8
23.Qd3 Nxg4 24.hxg4 Rxg4 25.Bd4+ Kg8 26.f4 Qe8 27.Rf3 Qh5 28.Rg3 Qh2+ 29.Kf2
Qh4 30.Bh3 {#r} 1-0

[Event "Oberliga East 1998/99 (a)"]
[Site "masterchessopen.com - Germany"]
[Round "0"]
[White "Zeidler Andreas (GER)"]
[Black "Zeuner Ulrich (GER)"]
[Result "0-1"]
[WhiteElo "2188"]
[BlackElo "2060"]

1.d4 f5 2.c4 Nf6 3.g3 g6 4.Bg2 Bg7 5.Nc3 O-O 6.e3 d6 7.Nge2 a5 8.b3 Na6 9.Bb2
c6 10.d5 Bd7 11.Nd4 Rc8 12.O-O Nc5 13.f3 Qb6 14.Kh1 cxd5 15.cxd5 a4 16.Rf2 a3
17.Bxa3 Nce4 18.fxe4 Ng4 19.Rf3 Rxc3 20.Qg1 Rxe3 21.Nc2 Bxa1 22.Bc1 Rxf3
23.Qxb6 Rc3 24.Qd4 Rfc8 25.Bf4 Bb2 26.Ne1 Rc1 27.Qd2 Rd1 {#R} 0-1

[Event "It (open)"]
[Site "masterchessopen.com - Miercurea Ciuc (Romania)"]
[Round "3"]
[White "Nutiu Adrian Mihail (ROM)"]
[Black "Tantau Adrian (ROM)"]
[Result "0-1"]
[WhiteElo "2148"]
[BlackElo "2221"]

1.d4 f5 2.c4 Nf6 3.g3 g6 4.Bg2 Bg7 5.Nc3 d6 6.d5 Nbd7 7.Nh3 Ne5 8.Qb3 O-O
9.O-O Rb8 10.Nb5 a6 11.Nd4 Re8 12.f4 Nf7 13.Nc6 bxc6 14.Qxb8 cxd5 15.cxd5 e6
16.dxe6 Rxe6 17.Ng5 Rxe2 18.Nxf7 Kxf7 19.Bb7 Ng4 20.Bd5+ Kf8 21.Bg2 Bd4+
22.Kh1 Nf2+ 23.Kg1 Kg7 24.Rb1 Qe7 25.Qxc8 Ng4+ 26.Kh1 Rxg2 27.Be3 Rxh2+ 28.Kg1
Qxe3+ {#R} 0-1

[Event "It (open)"]
[Site "masterchessopen.com - Naantali (Finland)"]
[Round "0"]
[White "Veingold Aleksandr (EST)"]
[Black "Keskinen Sauli (FIN)"]
[Result "1-0"]
[WhiteElo "2485"]
[BlackElo "2335"]

1.d4 f5 2.c4 Nf6 3.g3 g6 4.Nc3 Bg7 5.Bg2 O-O 6.Nh3 d6 7.d5 c6 8.Nf4 e5 9.dxe6
Qe7 10.O-O Bxe6 11.Nxe6 Qxe6 12.Bf4 Qxc4 13.Qxd6 Na6 14.Rfd1 Rfe8 15.Rac1 Qb4
16.Qd2 Ne4 17.Nxe4 fxe4 18.Qc2 Rad8 19.Rxd8 Rxd8 20.b3 Re8 21.Rd1 Qe7 22.Qc4+
Kh8 23.Qxe4 Qxe4 24.Bxe4 Rxe4 25.Rd8+ Bf8 26.Bh6 {#r} 1-0

[Event "It (open)"]
[Site "masterchessopen.com - Aviles (Spain)"]
[Round "3"]
[White "Sanchez Repullo Daniel (ESP)"]
[Black "Gonzalez Somoza Oliver (ESP)"]
[Result "1-0"]
[WhiteElo "2236"]
[BlackElo "2351"]

1.d4 f5 2.c4 Nf6 3.g3 g6 4.Bg2 Bg7 5.Nc3 c6 6.Nh3 d6 7.d5 e5 8.dxe6 Bxe6 9.Bf4
Bxc4 10.Qxd6 Qxd6 11.Bxd6 Na6 12.O-O-O O-O-O 13.e4 fxe4 14.Ng5 Bh6 15.h4 Bd3
16.Bh3+ Nd7 17.f3 Rhe8 18.Rhe1 b5 19.fxe4 Bc4 20.Bf4 b4 21.b3 bxc3 22.bxc4 Nb4
23.a3 a5 24.axb4 axb4 25.Kc2 Kb7 26.Bxd7 Ra8 27.Bxe8 Ra2+ {#r} 1-0

[Event "Ch Romania (1/2 final)"]
[Site "masterchessopen.com - Baile Tusnad (Romania)"]
[Round "6"]
[White "Tugui Adrian (ROM)"]
[Black "Bogdan Dan (ROM)"]
[Result "0-1"]
[WhiteElo "2300"]
[BlackElo "2366"]

1.d4 f5 2.g3 Nf6 3.c4 d6 4.Bg2 e5 5.dxe5 dxe5 6.Qxd8+ Kxd8 7.b3 c6 8.Bb2 Bb4+
9.Nc3 Kc7 10.a3 Bd6 11.e4 a5 12.Na4 Na6 13.exf5 Bxf5 14.Nf3 Rhe8 15.O-O-O Nd7
16.Nh4 Bg4 17.Bf3 Be6 18.Be4 g6 19.Bc2 Nac5 20.Nxc5 Bxc5 21.Kb1 Bxf2 22.Rdf1
Rf8 23.a4 Bh3 24.Bd3 c5 25.Be4 Bxf1 26.Rxf1 Bd4 27.Re1 Rf2 28.Nf3 Rf8 29.Nxd4
exd4 30.Bd3 {#R} 0-1

[Event "It (open)"]
[Site "masterchessopen.com - Collado Villalba (Spain)"]
[Round "7"]
[White "Markotegui Angulo F J (ESP)"]
[Black "Bote Valentin (ESP)"]
[Result "0-1"]
[WhiteElo "1971"]
[BlackElo "2230"]

1.d4 f5 2.c4 Nf6 3.g3 g6 4.Bg2 Bg7 5.Nc3 O-O 6.Nh3 Nc6 7.O-O d6 8.Rb1 e5
9.dxe5 dxe5 10.Nd5 h6 11.b4 g5 12.Nxf6+ Qxf6 13.f4 g4 14.fxe5 Qxe5 15.Qd5+ Be6
16.Qxe5 Bxe5 17.Bxh6 gxh3 18.Bxc6 bxc6 19.Bxf8 Rxf8 20.Rbc1 Rb8 21.e4 Bd4+
22.Kh1 Rxb4 23.a3 Rxc4 24.Rxc4 Bxc4 25.Rxf5 Bd3 26.Rf4 Be3 27.Rg4+ Kf7 28.a4
Be2 {#R} 0-1

[Event "Ch World (seniors)"]
[Site "masterchessopen.com - Gladenbach (Germany)"]
[Round "2"]
[White "Wilke Dieter Dr (GER)"]
[Black "Giering Helmut (GER)"]
[Result "1-0"]
[WhiteElo "2124"]
[BlackElo "1882"]

1.d4 f5 2.c4 Nf6 3.g3 g6 4.Bg2 Bg7 5.Nc3 O-O 6.Nf3 d6 7.d5 Nbd7 8.Nd4 Nc5
9.O-O e5 10.dxe6 c6 11.Bf4 Nh5 12.e7 Qxe7 13.Nxc6 bxc6 14.Bxd6 Qb7 15.Bxc5 Re8
16.Nb5 Be5 17.Nd6 Bxd6 18.Qxd6 {#r} 1-0

[Event "Ch Russia (for the Deaf)"]
[Site "masterchessopen.com - Moscow (Russia)"]
[Round "0"]
[White "Nadvikov Roman (RUS)"]
[Black "Parfenov Vjacheslav (RUS)"]
[Result "0-1"]
[WhiteElo "2247"]
[BlackElo "2233"]

1.c4 f5 2.d4 Nf6 3.g3 g6 4.Bg2 Bg7 5.Nh3 d6 6.d5 O-O 7.Nf4 c6 8.h4 e5 9.dxe6
Qe7 10.O-O Bxe6 11.Nxe6 Qxe6 12.Qd3 Nbd7 13.Bf4 Ne5 14.Bxe5 dxe5 15.Qb3 e4
16.Nc3 Nd7 17.Rac1 b6 18.Nd1 Nc5 19.Qc2 a5 20.b3 f4 21.Kh2 e3 22.Bf3 fxg3+
23.fxg3 Rad8 24.Nc3 Rd2 25.Qb1 Bxc3 26.Rxc3 Rxf3 27.Rxf3 Rxe2+ 28.Kg1 Qh3 {#R}
0-1

[Event "Ch Manhattan Chess Club"]
[Site "masterchessopen.com - New York (USA)"]
[Round "1"]
[White "Schwartz Ylon (USA)"]
[Black "Fernandez John C (USA)"]
[Result "1-0"]
[WhiteElo "2281"]
[BlackElo "2156"]

1.d4 f5 2.c4 Nf6 3.g3 d6 4.Bg2 g6 5.Nf3 Bg7 6.b3 Ne4 7.Bb2 c5 8.O-O Nc6 9.Nbd2
O-O 10.e3 Rb8 11.Nxe4 fxe4 12.Ng5 e5 13.d5 Qxg5 14.dxc6 Bg4 15.Qd5+ Kh8 16.c7
Rbe8 17.Qxd6 Qf5 18.Qxc5 h5 19.Qd5 Bf3 20.h3 Bxg2 21.Kxg2 Qf3+ 22.Kg1 h4
23.Qd1 hxg3 24.Qxf3 exf3 25.fxg3 Rc8 26.Ba3 Rf7 27.Bd6 Rd7 28.Rad1 e4 29.c5 g5
30.Be5 Rxd1 31.Rxd1 {#r} 1-0

[Event "It (cat.10)"]
[Site "masterchessopen.com - Schwerin (Germany)"]
[Round "6"]
[White "Uhlmann Wolfgang (GER)"]
[Black "Danielsen Henrik (ISL)"]
[Result "0-1"]
[WhiteElo "2461"]
[BlackElo "2512"]

1.c4 f5 2.d4 Nf6 3.g3 d6 4.Nf3 Nc6 5.d5 Ne5 6.Nxe5 dxe5 7.Qb3 e6 8.dxe6 c6
9.Bh3 g6 10.Bg5 Qa5+ 11.Bd2 Qc7 12.Nc3 Bxe6 13.e4 Bc5 14.exf5 gxf5 15.Qc2 Qf7
16.O-O-O Qh5 17.Bf1 O-O-O 18.Be2 Qg6 19.f4 e4 20.Na4 Bd4 21.b3 Ng4 22.Bxg4
Qxg4 23.Rhe1 Qf3 24.Rf1 Qh5 25.Bc3 c5 26.Kb1 Rhe8 27.Qb2 Bd7 28.Bxd4 Bxa4
29.bxa4 Re6 30.g4 Qxg4 31.Rg1 Qxd1+ 32.Rxd1 Rb6 33.Kc1 cxd4 34.Qg2 Rb4 35.Qc2
Kb8 36.a3 Rb6 {#R} 0-1

[Event "It"]
[Site "masterchessopen.com - Tampere (Finland)"]
[Round "1"]
[White "Sorsa Miitrei (FIN)"]
[Black "Keskinen Sauli (FIN)"]
[Result "0-1"]
[WhiteElo "2056"]
[BlackElo "2237"]

1.d4 f5 2.c4 Nf6 3.g3 g6 4.Bg2 Bg7 5.Nc3 O-O 6.Nf3 d6 7.d5 c6 8.dxc6 bxc6
9.O-O e5 10.c5 e4 11.Nd4 dxc5 12.Qb3+ Nd5 13.Nxc6 Nxc6 14.Bg5 Nd4 15.Qxd5+
Qxd5 16.Nxd5 Nxe2+ 17.Kh1 Rb8 18.Be7 Rf7 19.Bxc5 Rb5 20.Ne7+ Kf8 21.Rac1 Nxc1
22.Rxc1 Bb7 23.Nc8+ Rxc5 24.Rxc5 Rd7 25.h4 Bd4 26.Rc4 Bxf2 {#R} 0-1

[Event "Cup Russia (open)"]
[Site "masterchessopen.com - Tula (Russia)"]
[Round "8"]
[White "Nikitin Andrey (RUS)"]
[Black "Malaniuk Vladimir P (UKR)"]
[Result "0-1"]
[WhiteElo "2386"]
[BlackElo "2525"]

1.d4 f5 2.c4 Nf6 3.g3 g6 4.Bg2 d6 5.Nc3 Bg7 6.d5 c6 7.Nh3 O-O 8.O-O e5 9.dxe6
Bxe6 10.Bf4 Bxc4 11.Qxd6 Qxd6 12.Bxd6 Re8 13.Rfe1 Nbd7 14.Nf4 g5 15.Nd3 Ne4
16.Bxe4 fxe4 17.Nc5 Nxc5 18.Bxc5 b6 19.Be3 h6 20.f4 exf3 21.exf3 Rad8 22.Kf2
Rd3 23.Rac1 b5 24.Nd1 Bxa2 25.Rxc6 Bc4 26.h4 Bd4 27.hxg5 hxg5 28.b4 Bb3 29.Rc1
Bxd1 {#R} 0-1

[Event "It (open)"]
[Site "masterchessopen.com - Vlissingen (Netherlands)"]
[Round "2"]
[White "Ragozin Evgeni (RUS)"]
[Black "Snijders Frans"]
[Result "1-0"]
[WhiteElo "2485"]
[BlackElo "1960"]

1.c4 f5 2.d4 Nf6 3.g3 g6 4.Bg2 Bg7 5.Nh3 O-O 6.Nc3 d6 7.d5 Na6 8.Be3 Qe8 9.O-O
h6 10.Qd2 Ng4 11.Bd4 Ne5 12.b3 c5 13.dxc6 bxc6 14.f4 Ng4 15.Bxg7 Kxg7 16.Rae1
Nf6 17.Nf2 Nc5 18.b4 Nb7 19.e4 Qd7 20.Qb2 e6 21.b5 cxb5 22.Nxb5 a6 23.Nd4 Rd8
24.exf5 gxf5 25.Nxe6+ {#r} 1-0

[Event "It (open) \"]
[Site "masterchessopen.com - Nyiregyhaza (Hungary)"]
[Date "1999.07.18"]
[Round "9"]
[White "Lehoczki Viktor (HUN)"]
[Black "Radics Laszlo (HUN)"]
[Result "1-0"]
[WhiteElo "2192"]
[BlackElo "2091"]

1.d4 f5 2.c4 Nf6 3.g3 g6 4.Bg2 Bg7 5.Nh3 d6 6.d5 O-O 7.O-O Nbd7 8.Nc3 Ne5 9.b3
c5 10.Bb2 Rb8 11.Nf4 g5 12.Nd3 Ng6 13.Qd2 b6 14.f4 gxf4 15.Nxf4 Qe8 16.e3 Ne5
17.Nb5 a6 18.Nc7 Qf7 19.Nfe6 Bxe6 20.Nxe6 Qg6 21.Nxf8 Rxf8 22.Bxe5 dxe5 23.e4
f4 24.gxf4 Nxe4 25.Qc2 Rxf4 26.Rfe1 h5 27.Rxe4 h4 28.h3 Qg3 29.Rxf4 exf4
30.Rf1 Bd4+ 31.Kh1 Be3 32.Qf5 f3 33.Qxf3 {#r} 1-0

[Event "It (open)"]
[Site "masterchessopen.com - Calcutta (India)"]
[Round "2"]
[White "Deshmukh Anup (IND)"]
[Black "Dhar-Barua Saheli (IND)"]
[Result "1-0"]
[WhiteElo "2311"]
[BlackElo "2212"]

1.d4 f5 2.c4 Nf6 3.g3 g6 4.Bg2 Bg7 5.Nc3 c6 6.Nh3 d6 7.O-O O-O 8.d5 Qe8 9.Qc2
Na6 10.Nf4 e5 11.dxe6 Bxe6 12.b3 d5 13.Ba3 Rf7 14.cxd5 Nxd5 15.Ncxd5 cxd5
16.Rad1 Rc8 17.Qd2 d4 18.e3 Rfc7 19.exd4 Bf7 20.Qa5 Kh8 21.Rfe1 Qd8 22.Ne6
Bxe6 23.Rxe6 Nc5 24.Re2 b6 25.Qe1 Rd7 26.Bc6 Rxd4 27.Rxd4 Bxd4 28.Bxc5 Bxc5
29.Re8+ Qxe8 30.Bxe8 {#r} 1-0

[Event "Cup Glorney & Faber"]
[Site "masterchessopen.com - Dublin (Ireland)"]
[Round "1"]
[White "Houdart David (BEL)"]
[Black "Davies Christopher (WLS)"]
[Result "0-1"]
[WhiteElo "2211"]
[BlackElo "2047"]

1.d4 f5 2.c4 Nf6 3.g3 g6 4.Bg2 Bg7 5.Nc3 O-O 6.Qb3 c6 7.Nf3 Kh8 8.O-O d6 9.Rd1
Na6 10.c5 Nc7 11.Ng5 Qe8 12.cxd6 exd6 13.Bf4 Qd8 14.d5 h6 15.dxc6 hxg5 16.Bxd6
b6 17.Be5 Qe7 18.Bxc7 Qxc7 19.Nb5 Qe7 20.c7 Be6 21.Qc2 Ne4 22.Bxe4 fxe4
23.Qxe4 Qf7 24.Qxa8 Qxf2+ 25.Kh1 Rxa8 26.Rd8+ Kh7 27.Rad1 Bc8 28.Nd6 Bh3
29.Rg1 Qxe2 {#R} 0-1

[Event "Bundesliga (2nd) North 1999/00"]
[Site "masterchessopen.com - Germany"]
[Round "0"]
[White "Muse Mladen (CRO)"]
[Black "Tseitlin Michael (GER)"]
[Result "1-0"]
[WhiteElo "2510"]
[BlackElo "2431"]

1.c4 f5 2.g3 Nf6 3.d4 g6 4.Nc3 Bg7 5.Bg2 O-O 6.c5 Nc6 7.Nf3 d6 8.cxd6 cxd6
9.d5 Ne5 10.Nd4 Kh8 11.O-O Bd7 12.Qb3 Qa5 13.Ne6 Bxe6 14.dxe6 Rab8 15.Be3 Rfc8
16.Rad1 b5 17.Nd5 Nxd5 18.Rxd5 Nc4 19.Bg5 Rc7 20.e4 fxe4 21.Bxe4 Nxb2 22.Bf3
Nc4 23.h4 Ne5 24.Rxe5 dxe5 25.h5 Rf8 26.Bh1 Rc4 27.hxg6 h6 28.Bxh6 {#r} 1-0

[Event "Ch City (open)"]
[Site "masterchessopen.com - Hamburg (Germany)"]
[Round "8"]
[White "Hegeler Frank (GER)"]
[Black "Schuetze Michael (GER)"]
[Result "0-1"]
[WhiteElo "2329"]
[BlackElo "2221"]

1.d4 f5 2.c4 Nf6 3.g3 g6 4.Bg2 Bg7 5.Nc3 O-O 6.Nh3 Nc6 7.d5 Ne5 8.Qb3 c5
9.dxc6 dxc6 10.c5+ e6 11.O-O Qe7 12.Nf4 Nf7 13.Bd2 e5 14.Nd3 e4 15.Nf4 g5
16.Nh3 h6 17.Na4 Be6 18.Qc2 Nd5 19.Kh1 Ne5 20.Rab1 f4 21.gxf4 gxf4 22.Ng1 f3
23.exf3 exf3 24.Bh3 Bxh3 25.Nxh3 Qh4 26.Rg1 Qxh3 27.Rg3 Qh4 28.Rbg1 Rf7 29.Nc3
Nf6 30.Qb3 Nfg4 31.h3 Nxf2+ 32.Kh2 Neg4+ 33.Rxg4 Qxh3# 0-1

[Event "Oz.com qualifier (blitz)"]
[Site "masterchessopen.com - Internet"]
[Round "6"]
[White "Adla Diego (ARG)"]
[Black "Summerscale Aaron (ENG)"]
[Result "1-0"]
[WhiteElo "2498"]
[BlackElo "2459"]

1.d4 f5 2.c4 Nf6 3.g3 g6 4.Bg2 Bg7 5.Nc3 O-O 6.Nf3 c5 7.dxc5 Na6 8.O-O Nxc5
9.Rb1 d6 10.b3 Nfe4 11.Nxe4 Nxe4 12.Bb2 Nc3 13.Bxc3 Bxc3 14.Nd4 Qb6 15.e3 a6
16.Rc1 Bb4 17.Qc2 e6 18.Qb2 Qa5 19.Rcd1 Rb8 20.Rd3 Bc5 21.Rb1 Qc7 22.b4 Bb6
23.Rbd1 Qg7 24.Qd2 Bc7 25.a4 Bd7 26.a5 Qe7 27.b5 axb5 28.cxb5 e5 29.b6 Bd8
30.Ne2 Ba4 31.Qa2+ Kh8 32.Qxa4 {#r} 1-0